|
|
|
|
| LEADER |
01784nam a2200481 i 4500 |
| 001 |
001943665 |
| 003 |
CZ BrMZK |
| 005 |
20251010083234.0 |
| 007 |
ta |
| 008 |
250806s2025 xxka e 001 0 eng |
| 020 |
|
|
|a 978-1-009-44006-6
|q (brožováno)
|
| 040 |
|
|
|a BOA001
|b cze
|e rda
|
| 072 |
|
7 |
|a 504
|x Znečištění a poškození životního prostředí
|2 Konspekt
|9 2
|
| 080 |
|
|
|a 504.7:551.583
|2 MRF
|
| 080 |
|
|
|a 504
|2 MRF
|
| 080 |
|
|
|a 502/504:614.87
|2 MRF
|
| 080 |
|
|
|a 502:17
|2 MRF
|
| 080 |
|
|
|a (048.8)
|2 MRF
|
| 100 |
1 |
|
|a Berners-Lee, Mike,
|d 1964-
|7 ntk20211126118
|4 aut
|
| 245 |
1 |
2 |
|a A climate of truth :
|b why we need it and how to get it /
|c Mike Berners-Lee
|
| 250 |
|
|
|a First published
|
| 264 |
|
1 |
|a Cambridge :
|b Cambridge University Press,
|c 2025
|
| 300 |
|
|
|a xv, 371 stran :
|b ilustrace ;
|c 20 cm
|
| 336 |
|
|
|a text
|b txt
|2 rdacontent
|
| 337 |
|
|
|a bez média
|b n
|2 rdamedia
|
| 338 |
|
|
|a svazek
|b nc
|2 rdacarrier
|
| 504 |
|
|
|a Obsahuje bibliografické odkazy a rejstřík
|
| 650 |
0 |
7 |
|a klimatické změny
|7 ph134843
|2 czenas
|
| 650 |
0 |
7 |
|a ekologická krize
|7 ph119796
|2 czenas
|
| 650 |
0 |
7 |
|a globální problémy životního prostředí
|7 ph120569
|2 czenas
|
| 650 |
0 |
7 |
|a environmentální bezpečnost
|7 ph895820
|2 czenas
|
| 650 |
0 |
7 |
|a environmentální etika
|7 ph119953
|2 czenas
|
| 650 |
0 |
9 |
|a climate changes
|2 eczenas
|
| 650 |
0 |
9 |
|a ecological crisis
|2 eczenas
|
| 650 |
0 |
9 |
|a global environmental change
|2 eczenas
|
| 650 |
0 |
9 |
|a environmental security
|2 eczenas
|
| 650 |
0 |
9 |
|a environmental ethics
|2 eczenas
|
| 655 |
|
7 |
|a monografie
|7 fd132842
|2 czenas
|
| 655 |
|
9 |
|a monographs
|2 eczenas
|
| 910 |
|
|
|a BOA001
|b 1-1550.048
|
| 990 |
|
|
|a BK
|
| 991 |
|
|
|b 202510
|c NOV
|
| 996 |
7 |
|
|b 2611010550
|c 1-1550.048
|l Vol.výběr
|r VV 0p
|n 0
|p kupz
|h 504 BER
|w 002019040
|u 000010
|a 0
|e BOA001
|j MZK50
|s A
|